Journal of research in childhood education JRCE /

Bibliographic Details
Corporate Author: Association for Childhood Education International
Format: Electronic Journal
Language:English
Published: Wheaton, Md. : Association for Childhood Education International
Abingdon, Oxfordshire, UK : Routledge, Taylor and Francis
Subjects:
Online Access:Full text available from Research Library: 04/01/1997 to 07/31/2009

MARC

LEADER 00000nas a2200000 a 4500
001 ssj0000147
003 WaSeSS
005 20200512172242.0
006 m d
007 cr n
008 050614c19869999enkqr p s 0 a0eng
010 |a  2009208164 
015 |a GBB715147  |2 bnb 
016 7 |a 2542610-2  |2 DE-600 
016 7 |a 016007243  |2 Uk 
022 |a 2150-2641  |y 0256-8543 
035 |a (WaSeSS)ssj0000147 
040 |a OCLCS  |b eng  |e pn  |c OCLCS  |d OCLCQ  |d CO3  |d DLC  |d HNK  |d QE2  |d OCLCQ  |d DLC  |d HEBIS  |d UKMGB  |d OCLCQ  |d OCLCF  |d OCLCO  |d CHVBK  |d OCLCO  |d VT2  |d OCLCQ  |d OCLCO  |d OCLCQ  |d NLE  |d OCLCO  |d REB  |d OCLCO  |d OCLCA  |d OCLCO  |d REC  |d NTG  |d AU@  |d OCLCO  |d WYU  |d OCLCO  |d AUD  |d U3W  |d OCLCO  |d DLC  |d OCLCO  |d WaSeSS 
042 |a nsdp  |a pcc 
050 0 0 |a LB1028 
060 0 0 |a W1  |b JO868W 
082 1 0 |a 370  |2 14 
222 0 |a Journal of research in childhood education  |b (Online) 
245 0 0 |a Journal of research in childhood education  |h [electronic resource] :  |b JRCE /  |c Association for Childhood Education International. 
246 3 0 |a JRCE 
260 |3 1986-<2009> :  |a Wheaton, Md. :  |b Association for Childhood Education International 
260 3 |3 <2010-> :  |a Abingdon, Oxfordshire, UK :  |b Routledge, Taylor and Francis 
310 |a Quarterly,  |b autumn 2003- 
321 |a Semiannual,  |b 1986-spring/summer 2003 
362 1 |a Began with: Vol. 1, no. 1 (June 30, 1986). 
506 |a License restrictions may limit access. 
515 |a Some issues combined. 
588 |a Description based on: Vol. 1, issue 1 (June 30, 1986); title from caption (Informaworld website; viewed Apr. 6, 2011). 
588 |a Latest issue consulted: Vol. 34, issue 2 (2020) (Taylor & Francis Online, viewed April 2, 2020). 
650 0 |a Education  |x Research  |v Periodicals. 
650 0 |a Education  |x Evaluation  |v Periodicals. 
650 7 |a Education  |x Evaluation.  |2 fast  |0 (OCoLC)fst00902624 
650 7 |a Education  |x Research.  |2 fast  |0 (OCoLC)fst00902743 
650 2 2 |a Child. 
650 2 2 |a Infant. 
655 0 |a Electronic journals. 
710 2 |a Association for Childhood Education International. 
776 0 8 |i Print version:  |t Journal of research in childhood education  |x 0256-8543  |w (DLC) 90662155  |w (OCoLC)12019948 
850 |a DLC 
856 4 0 |z Full text available from Research Library: 04/01/1997 to 07/31/2009  |u https://search.proquest.com/publication/15507